Detektiv /
Pět případů svérázného a hlavně samozvaného detektiva, který se za časté asistence dvou kriminalistů, alkoholu a silných analgetik snaží dostat z role životního luzra. Na své cestě se setká s okultismem z Haiti, Williamem Goatem i samotnou Smrtí. Osobitý autorův humor i překvapivé, někdy nonsensové...
Uloženo v:
| Hlavní autor: | |
|---|---|
| Médium: | E-kniha |
| Jazyk: | Czech |
| Vydáno: |
Praha :
E-knihy jedou,
2024
|
| Tagy: |
Žádné tagy |
| LEADER | 01348nam a22002297i 4500 | ||
|---|---|---|---|
| 001 | 312466 | ||
| 007 | ta | ||
| 008 | 260601s2024 xr ||||| |||| 00| 0 cze d | ||
| 020 | |a 9990004083684 | ||
| 044 | |a xr | ||
| 100 | 1 | |a Polívka, Luboš |4 aut | |
| 245 | 1 | 0 | |a Detektiv / |c Polívka, Luboš |
| 264 | 1 | |a Praha : |b E-knihy jedou, |c 2024 | |
| 300 | |a 1 online zdroj (227 stran) | ||
| 336 | |a text |b txt |2 rdacontent | ||
| 337 | |a bez média |b n |2 rdamedia | ||
| 338 | |a online zdroj |b cr |2 rdacarrier | ||
| 520 | 2 | |a Pět případů svérázného a hlavně samozvaného detektiva, který se za časté asistence dvou kriminalistů, alkoholu a silných analgetik snaží dostat z role životního luzra. Na své cestě se setká s okultismem z Haiti, Williamem Goatem i samotnou Smrtí. Osobitý autorův humor i překvapivé, někdy nonsensové záběry i závěry okoření detektivní téma na sebe navazujících povídek. | |
| 910 | |a RBIT002 | ||
| 998 | |d 408368 |a https://core.palmknihy.cz/api/books/408368/cover?she9zf |b https://core.palmknihy.cz/api/books/408368/cover/400?she9zf |c https://core.palmknihy.cz/api/books/408368/cover/50?she9zf |e |g 227 |i 9990004083684 |j https://core.palmknihy.cz/api/books/408368/preview.epub |k https://core.palmknihy.cz/api/books/408368/preview.pdf |l |q 49 |r 1 |s https://www.palmknihy.cz/kniha/408368 |t ebook |y 2024 |z 1 | ||
| 999 | |d 312464 | ||